Código procesal penal de la provincia de Río Negro (Record no. 36459)
[ view plain ]
| 000 -CABECERA | |
|---|---|
| campo de control de longitud fija | 00564nam a22001937a 4500 |
| 003 - IDENTIFICADOR DEL NÚMERO DE CONTROL | |
| campo de control | OSt |
| 005 - FECHA Y HORA DE LA ÚLTIMA TRANSACCIÓN | |
| campo de control | 20240826115155.0 |
| 008 - DATOS DE LONGITUD FIJA--INFORMACIÓN GENERAL | |
| campo de control de longitud fija | 240826b ||||| |||| 00| 0 spa d |
| 020 ## - ISBN | |
| Número Internacional Estándar del Libro | 978-987-4459-34-3 |
| 040 ## - FUENTE DE LA CATALOGACIÓN | |
| Centro/agencia transcriptor | Biblioteca Ernesto Sábato |
| 092 ## - SIGNATURA TOPOGRÁFICA | |
| Número de clasificación | D345.282 73 |
| Libristica | S211c |
| Sector | BDGR |
| 100 ## - Autor Personal | |
| Nombre de persona | Sánchez Freytes, Fernando |
| 245 ## - MENCIÓN DE TÍTULO | |
| Título | Código procesal penal de la provincia de Río Negro |
| Resto del título | : anotado y comentado |
| 250 ## - MENCIÓN DE EDICIÓN | |
| Mención de edición | 1a. ed. |
| Resto de la mención de edición | Actualizada y ampliada |
| 300 ## - DESCRIPCIÓN FÍSICA | |
| Paginas | 794 p |
| 650 ## - Descriptores Tematicos | |
| Término de materia o nombre geográfico como elemento inicial | DERECHO PROCESAL PENAL |
| 650 ## - Descriptores Tematicos | |
| Término de materia o nombre geográfico como elemento inicial | CODIGO |
| 942 ## - ELEMENTOS DE PUNTO DE ACCESO ADICIONAL (KOHA) | |
| Fuente del sistema de clasificación o colocación | Dewey Decimal Classification |
| Tipo de ítem Koha | BDGR |
| Estado de retiro | Estado de pérdida | Fuente del sistema de clasificación o colocación | Estado dañado | No para préstamo | Localización permanente | Ubicación/localización actual | Fecha de adquisición | Número de inventario | Total de préstamos | Signatura topográfica completa | Código de barras | Fecha visto por última vez | Precio válido a partir de | Tipo de ítem Koha | Nota pública |
|---|---|---|---|---|---|---|---|---|---|---|---|---|---|---|---|
| Dewey Decimal Classification | Biblioteca Ernesto Sabato - FADECS - UNCOMA | Biblioteca Ernesto Sabato - FADECS - UNCOMA | 26/08/2024 | 26826 | D345.282 73 S211c | 26826 | 26/08/2024 | 26/08/2024 | BDGR | v. 1 -SALA- | |||||
| Dewey Decimal Classification | Biblioteca Ernesto Sabato - FADECS - UNCOMA | Biblioteca Ernesto Sabato - FADECS - UNCOMA | 26/08/2024 | 26827 | D345.282 73 S211c | 26827 | 26/08/2024 | 26/08/2024 | BDGR | v. 2 -SALA- |